Supply chain management

Saved in:
Bibliographic Details
Main Author: STOCK, James R. Manrodt, Susan
Format: Book
Language:English
Published: McGraw -Hill Education 2020
Tags: Add Tag
No Tags, Be the first to tag this record!

MARC

LEADER 00000nam a22000007a 4500
008 230810b |||||||| |||| 00| 0 eng d
020 |a 9781260547894 
100 |a STOCK, James R.  |a Manrodt, Susan 
245 |a Supply chain management  |c James R.Stock, Karl .B. Manrodt  |g xxii, 522p;ill 
260 |b McGraw -Hill Education  |c 2020  |h New York  |i 700469  |i 700470  |l HD38.5.St6  |m Business logistics 
500 |a it includes index 
942 |a lcc  |c BK  |e Johnson  |f 10/08/23 
952 |0 0  |1 0  |2 lcc  |4 0  |6 HD00385 S T6  |7 0  |9 4345  |a SSL  |b HOL  |c GJ  |d 2023-08-10  |l 0  |o HD38.5.St6  |p 2023-0270  |r 2023-08-10 00:00:00  |t 700469  |w 2023-08-10  |y BK 
952 |0 0  |1 0  |2 lcc  |4 0  |6 HD00385 S T6  |7 0  |9 4346  |a HOL  |b HOL  |c GJ  |d 2023-08-10  |l 0  |o HD38.5.St6  |p 2023-0271  |r 2023-08-10 00:00:00  |t 700470  |w 2023-08-10  |y BK 
999 |c 2183  |d 2183